00000000nam##2200000za#4500
0019.639914
003CaOODSP
00520210624222417
007cr |||||||||||
008150407|2000||||xxc|||||o    f|0| 0 fre|d
040 |aCaOODSP|bfre
043 |an-cn---
0861 |aEn105-57/2000F-PDF
1101 |aCanada. |bAgence canadienne d'évaluation environnementale.
24510|aL'Agence canadienne d'évaluation environnementale - oeuvre au profit de l'environnement du Canada |h[ressource électronique]
260 |bAgence canadienne d'évaluation environnementale |cMars 2000.
300 |a17p.
500 |aLe n° de catalogue (En105-57/2000) et l'ISBN (0-662-64922-2) de l'édition imprimée bilingue ont été incorrectement copiés dans l'édition électronique.
5203 |aLes prochaines pages tracent les grandes lignes de quelques-unes de nos réalisations de l'année dernière ainsi que de nos engagements pour l'année à venir. Les réalisations et les engagements sont regroupés sous quatre points: Promouvoir des évaluations environnementales de grande qualité; Améliorer les relations coopératives avec les autres instances; Améliorer les relations coopératives avec les autres; Forger des relations de partenariat avec les parties intéressées; Mener un examen approfondi de la Loi.--Page 3
590 |a12-16-Supp|b2012-04-17
69107|aInstitution fédérale|2gcpds
69107|aÉvaluation environnementale|2gcpds
77508|tCanadian Environmental Assessment Agency - working for Canada's environment |w(CaOODSP)9.695825
7760#|tWorking for Canada's environment |w(CaOODSP)9.661795
7760#|tOeuvre au profit de l'environnement du Canada |w(CaOODSP)9.661796
85640|ahttp://publications.gc.ca|qPDF|s74 Ko|uhttps://publications.gc.ca/collections/Collection/En105-57-2000F.pdf